| LEADER |
01107nam0a2200193 450 |
| 001 |
16830078 |
| 010 |
|
|
|a 978-2-07-508636-3
|b br.
|d 17
|
| 100 |
|
|
|a 20180222d2018 u u0frey01 ba
|
| 101 |
1 |
|
|a fre
|c
|
| 102 |
|
|
|a FR
|
| 200 |
0 |
|
|a mille visages de notre histoire (Les)
|f Jennifer Niven
|g traduit de l'anglais (Etats-Unis) par Vanessa Rubio-Barreau
|
| 207 |
|
1 |
|a
|
| 210 |
|
|
|a Paris Cedex 07
|b 5, rue Sebastien-Bottin
|c Gallimard jeunesse
|d 2018
|
| 330 |
|
|
|a Tout le monde croit connaîte Libby Groby, pourtant, personne ne s'est jamais intéressé qu'à son obésité. Elle a longtemps vécu recluse dans sa chambre, cachant son corps et ses angoisses. Cette année, sa vie peut changer : Libby s'est inscrite au lycée.Tout le monde croit connaître Jack Masselin : étudiant rebelle, sexy... aux réactions imprévisibles. Sous son arrogance, Jack a enfoui un secret douloureux.
|
| 700 |
|
0 |
|a Niven
|b Jennifer
|4 70
|
| 702 |
|
0 |
|a Rubio-Barreau
|b Vanessa
|4 730
|
| 900 |
|
|
|a Roman Jeunesse
|
| 901 |
|
|
|a Accessible au prêt
|
| 995 |
|
|
|a Bibliothèque
|c Bibliothèque
|f 024018833
|h 024018833
|k J NIV
|o p
|q j
|r az
|e Bibliothèque
|